| 000 | 00906nam a2200241 a 4500 | ||
|---|---|---|---|
| 001 | 83921 | ||
| 003 | BD-RjUL | ||
| 005 | 20240627093337.0 | ||
| 008 | 240627s2008 bg a|||| m||| 00| 0 eng d | ||
| 035 | _a(BD-RjUL)83921 | ||
| 040 |
_aBD-RjUL _beng _cBD-RjUL _dBD-RjUL |
||
| 041 | _aeng | ||
| 082 |
_223 _a634.095492 _bISP 2008 |
||
| 100 |
_aIslam, Md. Touhidul _98066 |
||
| 245 | 1 | 0 |
_aPromoting the Usage of Underutilized Crops and Fruits in Bangladesh / _cBy Md. Touhidul Islam ; _6Supervisor : Md. Rezaul Karim |
| 260 |
_aRajshahi : _bInstitute of Biological Sciences, University of Rajshahi, _c2008 |
||
| 300 |
_axiv, 221 Leaves : _bill, ; _c29 cm. |
||
| 502 | _aThesis (Ph. D.) -- Institute of Biological Sciences, University of Rajshahi, 2008 | ||
| 504 | _aBibliography : Leaves 165-183 | ||
| 650 |
_aFruits _zBangladesh _913353 |
||
| 700 |
_aKarim, Md. Rezaul, Supervisor _91384 |
||
| 942 |
_2ddc _cTHE |
||
| 999 |
_c83921 _d83921 |
||